Finančná analýza MFK Vranov nad Topľou, a. s. diplomová práca

Enregistré dans:
Détails bibliographiques
Auteur principal: Ivanišinová, Lenka
Collectivité auteur: Podnikovohospodárska fakulta EU so sídlom v Košiciach. Katedra účtovníctva a financií
Autres auteurs: Výrost, Tomáš, 1978-
Format: Livre
Langue:slovaque
Publié: Košice 2011
Tags: Ajouter un tag
Pas de tags, Soyez le premier à ajouter un tag!

MARC

LEADER 00000nbm a2200000 4500
001 0139211
005 20161109101914.3
041 0 |a slo 
044 |a SK 
245 1 0 |a Finančná analýza MFK Vranov nad Topľou, a. s.  |b diplomová práca  |c Lenka Ivanišinová ; školiteľ: Tomáš Výrost 
264 1 |a Košice  |c 2011 
300 |a 94 s. 
100 1 |a Ivanišinová, Lenka 
700 1 |a Výrost, Tomáš, 1978- 
710 2 |a Podnikovohospodárska fakulta EU so sídlom v Košiciach. Katedra účtovníctva a financií